| 000 | 00712nam a2200205 i 4500 | ||
|---|---|---|---|
| 001 | 133468 | ||
| 003 | ES-MaACL | ||
| 005 | 20230906194421.0 | ||
| 007 | t| | ||
| 008 | 070816s1951 xxu d |||| | eng d | ||
| 080 | _a811.111'355(73) | ||
| 100 | 1 |
_aKenyon, John Samuel. _967871 |
|
| 245 | 1 | 2 |
_aA pronouncing dictionary of american English / _cby John Samuel Kenyon and Thomas Albert Knott. |
| 260 |
_aSpringfield (Mass) : _bMeriam Company, _c[1951] |
||
| 300 |
_a484 p. ; _c23 cm. |
||
| 650 | 0 | 4 |
_aLengua inglesa- _xPronunciación. _914284 |
| 650 | 0 | 4 |
_aLengua inglesa- _vDiccionarios. _914269 |
| 700 | 1 |
_aKnott, Thomas Albert. _968369 |
|
| 852 |
_aES-MaACL _jE-11950 _z. - Biblioteca Jacinto MartÃnez Lacalle |
||
| 999 |
_c133468 _d133468 |
||